000 00451nam a2200145Ia 4500
003 OSt
005 20260114100853.0
008 211028s2012 xx 000 0 und d
040 _cAIMIT LIBRARY
041 _aeng
100 _aAbraham, Abi; Wright, Rowena.
_g1016002
_96880
245 _aEffective use of savings by generating adequate income at bonanza portfolio limited Mangalore /
260 _aMangalore
_bWright, Rowena
_c2012
942 _2ddc
_cPRO
999 _c218450
_d218450